1. Bundesliga 2025/26 - Statistiken

Allgemein
  • Dieses Quiz wurde 84 mal gespielt
  • Das Durchschnittsergebnis liegt bei 17 aus 18
Antwortstatistiken
Antwort % Korrekt
1. FC Bayern München
100%
Borussia Dortmund
99%
Bayer Leverkusen
97%
Eintracht Frankfurt
97%
RB Leipzig
97%
VfB Stuttgart
97%
Hamburger SV
96%
FC St. Pauli
95%
Union Berlin
95%
1. FC Köln
93%
1. FC Heidenheim
92%
TSG 1899 Hoffenheim
92%
VfL Wolfsburg
92%
Werder Bremen
92%
1. FSV Mainz 05
91%
FC Augsburg
88%
SC Freiburg
88%
Borussia Mönchengladbach
86%
Keine übereinstimmenden Quizze gefunden
Verteilung der Resultate
Anzahl Personen mit jedem Resultat
Perzentil nach korrekt beantworteten Fragen
Ihre Resultats-Entwicklung
Sie haben dieses Quiz noch nicht gespielt